000 00658nam a2200241Ia 4500
001 25423
005 20240114000843.0
007 ta
008 170802s2000 ii g b000 u 807 u
040 _aCotton College,Assam
041 _a807
082 _a891.4309
_bJa 216 Aa
100 _aJaleel, V.K.Abdul .
245 0 _aAadhunik Hindi Sahitya: Vividh Ayaam /
_cV.K.Abdul Jaleel.
_hTextual Documents
250 _a1st ed. /
260 _aNew Delhi :
_bBani Prakashan ,
_c2000.
300 _a195p. ;
_c22cm.
653 _aHindi literature-Criticism
653 _aGen-Hindi
942 _2ddc
_cBK
999 _c25405
_d25405